Renegotiated And Enhanced Terms Of The Build Own Operate And Transfer (BOOT) Agreement Between The Government Of Ghana Represented By The Ministry Of Power And Africa & Middle East Resources Investment Group (Ameri Energy) LLC. (Record no. 4254)

MARC details
000 -LEADER
fixed length control field 00949nam a22001817a 4500
003 - CONTROL NUMBER IDENTIFIER
control field OSt
005 - DATE AND TIME OF LATEST TRANSACTION
control field 20260327095112.0
008 - FIXED-LENGTH DATA ELEMENTS--GENERAL INFORMATION
fixed length control field 240729b |||||||| |||| 00| 0 eng d
041 ## - LANGUAGE CODE
Language code of text/sound track or separate title English
082 ## - DEWEY DECIMAL CLASSIFICATION NUMBER
Classification number CR/LLC/15 Acc.no.:9350 C1
100 ## - MAIN ENTRY--PERSONAL NAME
Personal name DONKOR; Kwabena
110 ## - MAIN ENTRY--CORPORATE NAME
Corporate name or jurisdiction name as entry element Ministry Of Power
245 ## - TITLE STATEMENT
Title Renegotiated And Enhanced Terms Of The Build Own Operate And Transfer (BOOT) Agreement Between The Government Of Ghana Represented By The Ministry Of Power And Africa & Middle East Resources Investment Group (Ameri Energy) LLC.
260 ## - PUBLICATION, DISTRIBUTION, ETC.
Place of publication, distribution, etc. Accra
Name of publisher, distributor, etc. Ministry Of Power
Date of publication, distribution, etc. 2015
300 ## - PHYSICAL DESCRIPTION
Extent 5p., 49p., 12p., 31p., diagrams, tabs.;
653 ## - INDEX TERM--UNCONTROLLED
Uncontrolled term 1. Renegotiated And Enhanced Terms Of The Build Own Operate And Transfer (BOOT) 2. Agreement Between The Government Of Ghana Represented By The Ministry Of Power And Africa & Middle East Resources Investment Group (Ameri Energy) LLC. 3. Novation And Amendment Agreement .
942 ## - ADDED ENTRY ELEMENTS (KOHA)
Source of classification or shelving scheme Dewey Decimal Classification
Koha item type Memorandum
Suppress in OPAC No
Holdings
Withdrawn status Lost status Source of classification or shelving scheme Damaged status Not for loan Home library Current library Shelving location Date acquired Total checkouts Full call number Date last seen Copy number Price effective from Koha item type
    Dewey Decimal Classification     Main Library Main Library Open Shelves 25/02/2025   CR/LLC/15 Acc.No. 9350 25/02/2025 1 25/02/2025 Memorandum
    Dewey Decimal Classification     Main Library Main Library Open Shelves 27/03/2026   Acc No. 9350 27/03/2026 2 27/03/2026 Memorandum
©2026  Parliament of Ghana Library - All rights reserved